000 01796cam a22005054i 4500
003 PE-LiUPU
005 20250731184537.0
008 180105s2016 xxua r0 000 0 eng d
020 _a9781426757785
_q(volumen I)
020 _a9781575064895
_q(volumen II)
035 _a(Sirsi) a240876
040 _aPE-LiUPU
_bspa
_cPE-LiUPU
_erda
049 _aPRUA
082 0 4 _a933.44
_bL66
_223
100 1 _aLipschitz, Oded,
_eautor.
245 1 0 _aRamat-Rahel III :
_bfinal publication of Yohanan Aharoni's excavations (1954, 1959-1962) /
_cOded Lipschits, Yuval Gadot and Liora Freud.
264 1 _aIndiana :
_bEisenbrauns;
_c2016
300 _a283 páginas :
_bilustraciones ;
_c28 centímetros.
336 _atext
_2rdacontent
337 _aunmediated
_2rdamedia
338 _avolume
_2rdacarrier
505 0 _aVolumen I -- Volumen II.
526 _aP136
526 _aP135
526 _aP134
526 _aP133
526 _aP144
526 _aP143
526 _aP87
526 _aP35
526 _aP20
526 _aP14
526 _aP10
526 _aP06
650 0 4 _aFouilles archéologiques.
650 0 4 _aArchaeological excavations.
700 1 _aGadot, Yuval,
_eautor.
700 1 _aFreud, Liora,
_eautor.
910 _adbm
_bksl
_cksl
_d20180105
596 _a1
942 _2ddc
_cBOOK
999 _a933.44 L66 1
_wLC
_c26572
_i77923
_d26572
_e2019-9-23
_f2021-11-11
_g4
_lCCODEBUL1
_mBUL
_n6
_p60.00
_r0
_sY
_tBOOK
_u2018-1-5
_xTEOLOGIA
_PP85
_0COMPRA
_o.STAFF. Colección Teología
999 _a933.44 L66 2
_wDEWEY
_c1
_i77924
_d2019-10-2
_e2019-9-23
_f2021-11-11
_g4
_lCCODEBUL1
_mBUL
_n6
_p60.00
_r0
_sY
_tBOOK
_u2018-1-5
_xTEOLOGIA
_PP85
_0COMPRA
_o.STAFF. Colección Teología
980 _81
_gALBERTO SANCHEZ Responsable de Automatización